000 00454nam a22001697a 4500
008 220203b |||||||| |||| 00| 0 eng d
020 _a1337904597
050 _aS591
_b.P53 2014
100 _aPlaster, Edward J.
245 _aSoil Science and Management
_cEdward J. Plaster
250 _a6th ed.
260 _aAustralia
_bCengage Learning
_c2014
300 _axix, 520p.
650 _aSoil Science
650 _aSoil Management
942 _2lcc
_cBK
999 _c19178
_d19177